000 01515nam a22003977a 4500
003 CHAP
005 20220329143356.0
008 090127s2008 mx r 00010 spa d
010 _a95702
011 _a96674
035 _a107330
040 _cCHAP
090 _aTesis
100 1 _aVelasco Montero, Juan Manuel
_9118416
245 1 0 _aAnálisis de la producción y rentabilidad del cultivo de la naranja en el Estado de Veracruz
_c/por Juan Manuel Velasco Montero
260 _aChapingo, Méx. :
_bEl autor,
_c2008
300 _av, 63 h. :
_btablas
502 _aTesis (Ing. Agr. Esp. en Zootecnia) -- UACH. Departamento de Zootecnia
530 _aTambién disponible en línea
590 _aALEPH
_b10
_c20130110
_lUCH01
_h1526
590 _aBATCH-UPD
_b10
_c20130110
_lUCH01
_h0653
590 _aBATCH-UPD
_b10
_c20130410
_lUCH01
_h0338
590 _aBATCH-UPD
_b10
_c20130914
_lUCH01
_h1836
590 _aBATCH-UPD
_b10
_c20140324
_lUCH01
_h1508
590 _aBATCH-UPD
_b10
_c20141002
_lUCH01
_h0838
590 _aCONVERSION
_b10
_c20130109
_lUCH01
_h1353
650 1 4 _aNaranja
_xAspectos económicos
_zVeracruz.
_980140
650 1 4 _aNaranja
_xCostos de producción.
_980147
650 1 4 _aNaranja
_xRendimiento.
_980188
650 1 4 _aNaranja
_zVeracruz.
_980199
856 _3Finding aid
_uhttp://10.13.5.2/tesis/107330.pdf
_zTeclea aqui
901 _aBK
942 _cFOLL
949 _aTesis
_bBC
_cTES
_d33724002081801
_eTS2
_fc.2
_h48562
_i107330
_sb
949 _aYesis
_bBC
_cTES
_d33724002081842
_eTS1
_h48561
_i107330
_sb
999 _c95702
_d95702